zpět

Detail výsledku týmu

Spin Pub, Třebíč

Datum a čas kvízu

21 Celkem bodů Celkový počet nahraných bodů na tomto kvízu bez doplňovacích otázek.
4. Pořadí na kvízu Konečné umístění týmu na tomto kvízu.

Zaznamenané odpovědi

# Otázka Odpověď Body Výsledky
1. Více než dvacet tisíc Čechů se... Black Hawk (UH-60), Čestmír 0.5
2. Jak se nazývá malá africká zem... Lesotho 0
3. V úterý měl na Netflixu premié... Meghan (Markle) 0
4. Minulý týden se ve Španělsku k... Barcelona 0
5. Aukční síň Sotheby’s minulý tý... Michael Jordan, Kobe Bryant 0
6. V roce 1978 zakoupila jistá me... Greenpeace 1
7. Na fotce je německá bitevní lo... Bismarck 1
8. Loď Beagle na své druhé plavbě... Charles Darwin 1
9. Válečná loď Vasa ujela celkem... ve Stockholmu 1
10. Která z těchto slavných lodí b... C 0